Govt. of
Madhya Pradesh

Normal view MARC view

Entry Personal Name

Number of records used in: 1

001 - CONTROL NUMBER

  • control field: 50522

003 - CONTROL NUMBER IDENTIFIER

  • control field: OSt

005 - DATE AND TIME OF LATEST TRANSACTION

  • control field: 20160405124322.0

008 - FIXED-LENGTH DATA ELEMENTS

  • fixed length control field: 160405|| aca||aabn | a|a d

040 ## - CATALOGING SOURCE

  • Original cataloging agency: OSt
  • Transcribing agency: OSt

100 ## - HEADING--PERSONAL NAME

  • Personal name: रचन भोला यामिनी

670 ## - SOURCE DATA FOUND

  • Source citation: Work cat.: (OSt)46279: रचन भोला यामिनी , कैसे बनाऍ बच्‍चों का भविष्‍य उज्‍जवल , 2010